00374nam a2200169Ia 4500003000400000005001700004008004100021020001900062040000700081041000800088082001300096100001700109245003200126260001700158300000900175650002000184OSt20251126111323.0250729s1934 xx 000 0 und d a978-0415863957 cAL aeng a374 PEEA aPeers Robert aAdult education in practice aLondonc1934 a301p aAdult Education